000 02178nam a2200253Ia 4500
999 _c52637
_d52637
001 19661
003 GE_BSU
005 20200315191847.0
008 181216s2016||||ge |||||||||||||| ||geo||
020 _a9789941947025
040 _cGE_BSU
041 _ageo
080 _a327.7 მ-18
100 _aმაკკორმიკი, ჯონ
_97736
245 _aევროკავშირის პოლიტიკა :
_b,,ევროკავშირის პოლიტიკის“ ქართულ ენაზე გამოცემა მეტად მნიშვნელოვანია ,,ევროპული ინტეგრაციისა და შრომითი ურთიერთობების“ პროგრამის სტუდენტებისათვის. ეს წიგნი ფასეულია მკვლევარებისთვის, პოლიტიკოსებისა და ყველა იმ ადამიანისათვის, რომელსაც აინტერესებს ევროკავშირისა და საქართველოს განვითარების პერსპექტივა /
_cჯონ მაკკორმიკი ; მთარგმნელები : ხათუნა ბასილაშვილი, მაგდანა ჯანელიძე ; რედ. ეკა აკობია ; სარედ. კოლეგია : სერგი კაპანაძე, კახა შენგელია და სხვ. /
264 _aთბილისი :
_bდამანი,
_c2016.
300 _a583 გვ. ;
_c24 სმ.
653 _aპოლიტიკა
700 _a ბასილაშვილი, ხათუნა
_eმთარგმნელი
_97737
700 _aჯანელიძე, მაგდანა
_eმთარგმნელი
_97738
700 _aაკობია, ეკა
_eრედაქტორი
_97739
710 _aკავკასიის უნივერსიტეტი
_97740
942 _cBK
_2udc